000 00572nam a2200205Ia 4500
005 20250508163212.0
008 008 250505s9999 xx 000 0 eng d
037 _aTextual
040 _aFEDL
_beng
_cFEDL
041 _aeng
_2eng
084 _a301.15, KAT
_qFEDL
100 _aKatz Daniel
245 0 _aSocial psychology of organizations
260 _aNew York, USA
_bJohn Wiley and Sons, Inc.
_c1966
300 _aviii,498p
650 _aSociology
700 _a Kahn Robert L.
_9774892
942 _cTEXL
_h301.15, KAT
999 _c1381471
_d1381471